| 000 | 00665nam a22002177a 4500 | ||
|---|---|---|---|
| 999 |
_c14904 _d14904 |
||
| 003 | AR-CdUCM | ||
| 008 | 190425b ||||| |||| 00| 0 spa d | ||
| 020 | _a84-236-2559-1 | ||
| 040 |
_aMUNICIPALIDAD PROVINCIAL DEL CUSCO _cBIBLIOTECA MUNICIPAL DEL CUSCO |
||
| 082 |
_aPI / 803 / _bAL36 _22 ed. |
||
| 100 |
_aAlcántara, Ricardo. _933873 |
||
| 245 | _a¡Huy, que miedo! / | ||
| 260 |
_aBarcelona : _bEdebe, _c1991. |
||
| 300 |
_a40 páginas ; _c17 cm. |
||
| 440 |
_aColección tucán. _933874 |
||
| 505 | _aContenido :¡Huy, que miedo! ... | ||
| 650 |
_aLiteratura infantil _9588 |
||
| 650 |
_aCuentos _9312 |
||
| 942 |
_2ddc _cLIBROS |
||
| 945 |
_arum _d2019-04-25 |
||